00539nam a2200145Ia 4500008004100000050002200041082002300063100002100086245006700107260002100174300001100195650005900206952011100265999001700376121101s9999 xx 000 0 und d aHF5661 L5318 1976 a657.092 L764m 1976 aLipkin, Lawrence aManual de formulas y tablas para el contador / Lawrence Lipkin aMéxico : Diana a528 p. a1. CONTADORES - CONDICIÓN JURÍDICA, LEYES, ETC.Ì 00104070a12b12d2008-11-28l2oHF5661 L5318 1976p12 001863r2019-08-01s2019-08-01t1w2012-11-01yLB c87454d87454